000
00271nam a22001097a 4500
008
230704b xxu||||| |||| 00| 0 eng d
082
_a
362.196
_b
UNICEF 2001
245
_a
Child Workers in the Shadow of AIDS
260
_b
UNICEF
_c
2001
300
_a
V,101p
942
_2
ddc
_c
BK
999
_c
3872
_d
3872